Неоперативна травматология (Запис номер 899)
[ съкратено ]
| 000 -Лидер | |
|---|---|
| Контролно поле с фиксирана дължина | 01405nam a2200349 c 4500 |
| 003 - Код на организацията, давaща контролен номер | |
| Контролно поле | BLK |
| 005 - Дата и час на последна редакция | |
| Контролно поле | 20240319114334.0 |
| 008 - Елементи от данни с фиксирана дължина | |
| fixed length control field | 180412b bul|||||r ||||||| ||bul|| |
| 010 ## - Наследен системен номер | |
| LC control number | KNG00001585000 |
| 020 ## - Международен стандартен номер на книга ISBN | |
| Международен стандартен номер на книга ISBN | 954-420-149-1 |
| -- | издат.: Медицина и физкултура |
| 040 ## - Източник на каталожния запис | |
| Идентификатор на билиотеката - собственик на записа | BLK |
| 041 ## - Код за език | |
| Код за езика на текст/звукозапис или на отделно заглавие | Български |
| Код за езика КДБФ | Български |
| 080 ## - УДК | |
| Текстов определител УДК | Патология. Клинична медицина |
| УДК код - определител по УДК | 616 |
| УДК определител | -001.5 |
| УДК - код + определител | 616-001.5 |
| 100 ## - Редна дума - Автор | |
| Автор | Кожухаров, Кольо Василев |
| Автор - информация (биография) | Лекар ортопед, травматолог. Професор в Русенския университет. |
| R(LIN) | 243252 |
| 139 ## - Редно поле | |
| Редна дума | Кожухаров, Кольо Василев |
| Авторски знак | Кож - К 74 |
| 245 10 - Сведения за заглавието | |
| Заглавие | Неоперативна травматология |
| Подзаглавни данни | Моногр. |
| Редно поле (дума) | Кольо Василев Кожухаров. |
| 257 ## - Страна на издаване | |
| Страна на създаване/издаване | България |
| 260 ## - Област на издателските данни | |
| -- | София |
| Име на издателя, разпространителя и проч. | Медицина и физкултура |
| Година на издаване | 1994 |
| 300 ## - Физическа характеристика | |
| Страници | 335 с. |
| Илюстрации и др. | с ил., 12 л. ил. |
| Размери/Мащаб | 24 см |
| 380 ## - Жанр | |
| Жанр | Медицина |
| 500 ## - Общи забележки | |
| Забележка | 1 240 тир. |
| 650 #4 - Допълнително описание по предмет – тема | |
| Основно описание – тема или топоним | Травматология, неоперативна |
| 9 (RLIN) | 243253 |
| 650 #4 - Допълнително описание по предмет – тема | |
| Основно описание – тема или топоним | Фрактури - лечение |
| 9 (RLIN) | 243254 |
| 653 ## - Ключова дума – ненормативна | |
| Ключова дума | травматизъм |
| 653 ## - Ключова дума – ненормативна | |
| Ключова дума | лечение |
| 852 ## - Местоположение | |
| Форматна сигнатура | Цб 177927 |
| 856 4# - Електронен адрес и достъп | |
| Електронен формат | pdf - файл |
| Път до файла /url/ | |
| 856 4# - Електронен адрес и достъп | |
| Електронен формат | pdf - файл |
| Път до файла /url/ | |
| 942 ## - АРТИКУЛИ | |
| Вид на библиотечния материал | Книги |
| Скрит в OPAC | Не |
| 944 ## - СЪЗДАВАНЕ И РЕДАКЦИЯ на ЗАПИСА | |
| Създаване/Редакция | Създаване |
| Дата на регистрацията/редакция | 15.01.2003 |
| Служител, извършил регистрацията/редакцията | 30560 |
| Статус, дата на статуса | Геновева Генчева |
| 944 ## - СЪЗДАВАНЕ И РЕДАКЦИЯ на ЗАПИСА | |
| Създаване/Редакция | Редакция |
| Дата на регистрацията/редакция | 25.01.2013 |
| Служител, извършил регистрацията/редакцията | |
| 999 ## - СИСТЕМНИ КОНТРОЛНИ НОМЕРА | |
| Koha biblionumber | 899 |
| Koha biblioitemnumber | 899 |
| Код за отписване | Код за изгубен артикул | Източник на класификационната схема | Код за повреда | Коз за рестрикции | Код за отдаване | Артикулен № | Име на библиотеката - собственик | Име на библиотеката, в която се намира в момента | Статус (Текущо местоположение) | Дата на вписване в системата | Местоположение - отдел | Цена в лева | Инвентарен номер | Систематично азбучна сигнатура | Баркод | Номер на екземпляра | Цена в евро | Служебна бележка | Служебен тип на артикула |
|---|---|---|---|---|---|---|---|---|---|---|---|---|---|---|---|---|---|---|---|
| Не е изгубен | Universal Decimal Classification | Не е повреден | без рестрикции | ползва се в читалня | 1887 | Регионална библиотека "Любен Каравелов" Русе | Регионална библиотека "Любен Каравелов" Русе | Хранилище | 1994-01-01 | Хранилище | 3.60 | 601782 | Цб 177927 | 601782 | 1 | 1.84 | Дост: Dp Вид: Д N: 16 Дата: 01.01.1994 | Книги | |
| Не е изгубен | Universal Decimal Classification | Не е повреден | без рестрикции | ползва се в читалня | 1888 | Регионална библиотека "Любен Каравелов" Русе | Регионална библиотека "Любен Каравелов" Русе | Читалня | 1994-01-01 | Читалня | 3.60 | 599797 | Ч 616/К 94 | 120000599797 | 2 | 1.84 | Дост: Pk Вид: Ф N: стар фонд Дата: 01.01.1994 Дата инв: 17.03.2017 Бележки инв: Ч2017 | Книги |